The life and letters of Raja Rammohun Roy. (Record no. 68019)

MARC details
000 -LEADER
fixed length control field 00933cam a22002651 4500
001 - CONTROL NUMBER
control field sa 66001845
003 - CONTROL NUMBER IDENTIFIER
control field DLC
005 - DATE AND TIME OF LATEST TRANSACTION
control field 20260227112225.0
008 - FIXED-LENGTH DATA ELEMENTS--GENERAL INFORMATION
fixed length control field 791224s1962 ii ach b 001 0 eng
010 ## - LIBRARY OF CONGRESS CONTROL NUMBER
LC control number sa 66001845
025 ## - OVERSEAS ACQUISITION NUMBER
Overseas acquisition number PL480:I-E-5169
035 ## - SYSTEM CONTROL NUMBER
System control number (OCoLC)5822874
040 ## - CATALOGING SOURCE
Original cataloging agency DLC
Transcribing agency CLobS
Modifying agency DLC
050 00 - LIBRARY OF CONGRESS CALL NUMBER
Classification number DS475.2.R18
Item number C6 1962
100 1# - MAIN ENTRY--PERSONAL NAME
Personal name Collet, Sophia Dobson.
245 14 - TITLE STATEMENT
Title The life and letters of Raja Rammohun Roy.
Statement of responsibility, etc. Edited by Dilip Kumar Biswas and Prabhat Chandra Ganguli.
250 ## - EDITION STATEMENT
Edition statement [3d ed.]
260 ## - PUBLICATION, DISTRIBUTION, ETC.
Place of publication, distribution, etc. Calcutta,
Name of publisher, distributor, etc. Sadharan Brahmo Samaj
Date of publication, distribution, etc. [1962]
300 ## - PHYSICAL DESCRIPTION
Extent xii, 562 p.
Other physical details illus., facsims., ports. (part col.)
Dimensions 23 cm.
500 ## - GENERAL NOTE
General note Completed by F. Herbert Stead after the death of the author.
500 ## - GENERAL NOTE
General note "Rammohun's works": p. [165]
504 ## - BIBLIOGRAPHY, ETC. NOTE
Bibliography, etc. note Bibliography: p. [542]-544.
600 00 - SUBJECT ADDED ENTRY--PERSONAL NAME
Personal name Rammohun Roy,
Titles and other words associated with a name Raja,
Dates associated with a name 1772?-1833.
700 1# - ADDED ENTRY--PERSONAL NAME
Personal name Stead, F. Herbert
Fuller form of name (Francis Herbert),
Dates associated with a name 1857-1928.

No items available.

Powered by Koha